Департамент общих дел МВД

Описи
РГИА. 1284 / 185. 1896-1917 гг. Департамент общих дел Министерства внутренних дел за 1899 год
РГИА. 1284 / 187. 1900-1917 гг.
РГИА. 1284 / 187. 1900-1917 гг.
РГИА. 1284 / 187. 1900-1917 гг.
РГИА. 1284 / 187. 1900-1917 гг.
РГИА. 1284 / 194. Опись № 194. 1891 г.
РГИА. 1284 / 223. 1872-1899 гг
РГИА. 1284 / 223. 1872-1899 гг
РГИА. 1284 / 241. Всеподданнейшие доклады министра внутренних дел 1840-1917 гг.
РГИА. 1284 / 73. Опись № 73. 1910 г.
РГИА. 1284 / 73. Опись № 73. 1912 г.
RUSMARC
00004590cmc1a2200000#x 450
001ddbc73f0-5aab-4d50-b0e3-dfafe109d5ef
00520180618143424.0
100##$a20151214l18011917k l0rusy0189 ca
1010#$arus
102##$aRU
2001#$aДепартамент общих дел МВД
$j1801-1917 гг.
$k1902-1971 гг.
215##$a291150 единиц хранения
251##$a250 описей
$cФонд
801#0$aRU
$bРГИА
$c20151214
801#1$aRU
$bГлавНИВЦ
$c20151214
$2rusmarc
801#2$aRU
$bПБ им. Б.Н. Ельцина
$c20160203
$gRCR
$2rusmarc
850##$aФедеральное казенное учреждение "Российский государственный исторический архив" (РГИА)
852##$aРГИА
$j1284
937##$hРГИА
$d4446815
$aASBIBLIO_SCAN
371##$aДокумент не является опубликованным и широко распространяемым
035##$addbc73f0-5aab-4d50-b0e3-dfafe109d5ef
1222#$ad1801######
$ad1917######
5171#$aДепартамент общих дел Министерства внутренних дел
300##$aПодробную историческую справку и аннотацию на фонд 1284 "Департамент общих дел МВД" см. в прикрепленном файле
300##$aИспользованы материалы сайта РГИА: http://www.fgurgia.ru/object/27603624
71001$3RU\NLR\AUTH\8810083174
$aРоссия
$bМинистерство внутренних дел
$bДепартамент общих дел
60101$2prlib_sh
$3LIBNET\UAF\0000075887
$aРоссия
$bМинистерство внутренних дел
$bДепартамент общих дел
$jАрхивы
$xДеятельность
605##$2acquisition_Prlib
$3DITM\AF\0000003834
$aНарод
$lколлекция
605##$aВласть
$lколлекция
$2acquisition_Prlib
$3DITM\AF\0000002775
686##$2rubbk
$a63.3(2)53-33л63
$vLBC/M
686##$a63.3(2)53-36л63
$vLBC/M
$2rubbk
607##$2nlr_sh
$3RU\NLR\AUTH\661537449
$aРоссия
$jАрхивы
$xПолитика и управление
$z19 - нач. 20 вв.
Формат отображения